Commonplace-book of Manasseh Cutler, (Record no. 43808)

MARC details
000 -LEADER
fixed length control field 00986cpcaa2200277 4500
001 - CONTROL NUMBER
control field mm 82091850
003 - CONTROL NUMBER IDENTIFIER
control field DLC
005 - DATE AND TIME OF LATEST TRANSACTION
control field 20260227111717.0
008 - FIXED-LENGTH DATA ELEMENTS--GENERAL INFORMATION
fixed length control field 820422|||||||||||| eng
010 ## - LIBRARY OF CONGRESS CONTROL NUMBER
LC control number mm 82091850
040 ## - CATALOGING SOURCE
Original cataloging agency DLC
Transcribing agency DLC
Description conventions dacs
Modifying agency DLC
072 #7 - SUBJECT CATEGORY CODE
Subject category code C
Source lcmd
100 1# - MAIN ENTRY--PERSONAL NAME
Personal name Cutler, Manasseh,
Dates associated with a name 1742-1823.
245 00 - TITLE STATEMENT
Title Commonplace-book of Manasseh Cutler,
Inclusive dates 1762 June 10.
300 ## - PHYSICAL DESCRIPTION
Extent 1
Type of unit item.
300 ## - PHYSICAL DESCRIPTION
Extent 1
Type of unit container.
300 ## - PHYSICAL DESCRIPTION
Extent 0.1
Type of unit linear feet.
506 0# - RESTRICTIONS ON ACCESS NOTE
Terms governing access Open to research.
520 8# - SUMMARY, ETC.
Summary, etc. Typescript copy of a commonplace-book kept by Cutler as a student at Yale College, New Haven, Conn.
533 ## - REPRODUCTION NOTE
Type of reproduction Typescript.
Place of reproduction [S.l.].
546 ## - LANGUAGE NOTE
Language note Collection material in English.
610 20 - SUBJECT ADDED ENTRY--CORPORATE NAME
Corporate name or jurisdiction name as entry element Yale College (1718-1887)
General subdivision Students.
650 #0 - SUBJECT ADDED ENTRY--TOPICAL TERM
Topical term or geographic name entry element Commonplace books.
650 #0 - SUBJECT ADDED ENTRY--TOPICAL TERM
Topical term or geographic name entry element Universities and colleges
Geographic subdivision Connecticut
-- New Haven.

No items available.

Powered by Koha